00461nam a22001337a 4500003000400000005001700004008004100021040002200062082001800084100003300102245009100135260008200226300001900308OSt20221013190815.0221012b |||||||| |||| 00| 0 eng d cBiblioteca Lado V a700.74bT882h aTsivopoulos, Stefanoseautor aHistory Zero/b55th International art Exhibition La Bienale di Venezia Grrek Pavilion/ bGreciac2013aMinistry of Education and Religious Affairs, Culture and Sports a112p.c17x24cm